LEADER 01479nam0 2200313 450 001 000035426 005 20180705125648.0 100 $a20131118d1969----km-y0itaa50------ba 101 0 $aita 102 $aIT 200 1 $aSommario di agronomia pedologica$eil sistema culturale Del Pelo Pardi$esistemazione e stabilizzazione del terreno$elezioni svolte nei Corsi di specializzazione per tecnici dal 1934 al 1969$fTommaso Del Pelo Pardi 210 $aRoma$cLerici$d1969 215 $a227 p.$cill.$d24 cm. 300 $aIn calce al frontespizio: Dalle dispense Latifondo Siciliano, 1940 [e] Organizzazione FOA (Marshall), 1952 e dal testo in lingua spagnola, in collaborazione con Jerman Planas Masot 316 $aDedica autografa dell'autore al Prof. Gioacchino Viggiani 512 1 $aAgronomia pedologica$ela sistemazione del terreno 606 1 $aAgronomia 606 2 $aPedologia 676 $a631.4$v(22. ed.)$9Pedologia 700 1$aDel Pelo Pardi,$bTommaso$0446493 801 0$aIT$bUniversità della Basilicata - B.I.A.$gREICAT$2unimarc 912 $a000035426 996 $aSommario di agronomia pedologica$996986 997 $aUNIBAS CAT $aSTD093$b01$c20131118$lBAS01$h1325 CAT $aTTM$b30$c20131122$lBAS01$h1109 CAT $aATR$b20$c20180705$lBAS01$h1256 FMT Z30 -1$lBAS01$LBAS01$mBOOK$1BASA2$APolo Tecnico-Scientifico$2FVIG$BFondo Viggiani$3FVig/40870$640870$5T40870$7Collocato presso la Scuola di Agraria$820131118$f35$FStanza riservata LEADER 01304nam0 22003013i 450 001 SBL0683458 005 20231121125830.0 100 $a20220919d1959 ||||0itac50 ba 101 | $afre$cfre 102 $afr 181 1$6z01$ai $bxxxe 182 1$6z01$an 200 1 $a˜La œrévolution industrielle au 18. siècle$eessai sur le commencements de la grande industrie moderne en Angleterre$fPaul Mantoux$gpréface de T. S. Ashton 210 $aParis$cGénin$d1959 215 $aV, 577 p.$d25 cm 500 10$a˜La œRévolution industrielle au 18. siècle.$3MIL0103107$9RAVV065017$935689 517 1 $a˜La œrévolution industrielle au dix-huitième siècle. -$9IEI0023869 700 1$aMantoux$b, Paul$3RAVV065017$4070$049033 702 1$aAshton$b, Thomas Southcliffe$3SBLV063250 790 1$aAshton$b, T. S.$3BVEV266337$zAshton, Thomas Southcliffe 801 3$aIT$bIT-01$c20220919 850 $aIT-FR0098 899 $aBiblioteca Area Giuridico Economica$bFR0098 $eN 912 $aSBL0683458 950 0$aBiblioteca Area Giuridico Economica$d 53ATENE E2 MAN$e 53ATE0000284205 VMB A4 Dono Fam. Carandini$fA $h20220919$i20220919 977 $a 53 996 $aRévolution industrielle au 18. siècle$935689 997 $aUNICAS